000 00479nam a22001937a 4500
003 MPLRDC
005 20220104185328.0
008 210129b ||||| |||| 00| 0 eng d
020 _a986-6702-56-3
082 _a524.313 YST
100 _a叶圣陶
245 _a给中学生的十二堂作文课
_c
250 _a初版
260 _a台湾
_b如果出版社
_c2010
300 _b
490 _a理想图书馆. 6
650 _a汉语教学
942 _cBK
_o524.313 YST
999 _c63278
_d63268